Biblioteca Parlamentaria
Catálogo en línea

Lucio Gutiérrez dice que con menos plata redujo más la pobreza que Correa (Registro nro. 30147)

000 -CABECERA
Campo de control interno 01559nam a22001817a 4500
005 - FECHA Y HORA DE LA CATALOGACION
Campo de control 20150812094707.0
008 - ELEMENTOS DE LONGITUD FIJA - INFORMACION
Elementos de Longitud Fija - Informaci 150812b xxu||||| |||| 00| 0 eng d
040 ## - ORIGEN DE LA CATALOGACION
Origen de la Catalogación ANE
041 ## - CODIGO DE LENGUAJE
Código de lenguaje del texto Es
082 ## - NUMERO DE CLASIFICACION DECIMAL DEWEY
1ra. Clasificación TV-1060
100 ## - ENTREVISTADO
Entrevistado Gutiérrez, Lucio
Rol del entrevistado expresidente de la república
245 ## - TÍTULO GENERAL
Título Lucio Gutiérrez dice que con menos plata redujo más la pobreza que Correa
260 ## - EDITORIAL
Ciudad Quito
Televisora que emite el programa Ecuavisa
Fecha del Programa 2015-08-11
300 ## - DESCRIPCION
Duración en minutos, horas (del programa) p.
520 ## - RESUMEN
Resumen El expresidente Lucio Gutiérrez, en réplica a las declaraciones del canciller Ricardo Patiño, recordó que los fueron los comandantes del Ejército, Marina y Aviación, los que ejecutaron el golpe de Estado financiado por el exmandatario venezolano Hugo Chávez, ya fallecido. "Esa es la verdad histórica". Dijo que su excelente gestión gubernamental, en lo social y económico, fue un obstáculo en la expansión del chavismo por eso se tuvo que sacar a Gutiérrez del poder. Según Gutiérrez, él con menos plata redujo más la pobreza que el Gobierno de Rafael Correa. Gutiérrez aclaró que de acuerdo al INEC, la pobreza se redujo en el 7, 7 %, entre el 2003 y 2005; mientras que desde el 2007 al 2009, en tiempos de la revolución ciudadana, cayó apenas un 0,7 %.


650 ## - DESCRIPTORES - TEMAS
Temas - Descriptores pobreza/ex presidente república/dice/golpe estado/Comandantes Ejército/patrocinado hugo Chávez/verdad histórica/destaca excelente gestión gubernamental/social económico/onstáculo expansión chavismo/eso sacaron poder/redujo pobreza 2003-2005/2007-2009 INEC/revolución cidadana cayó/
942 ## - ELEMENTOS DE KOHA
Esquema de Clasificaci
Tipo de Documento Material Multimedia (radio y televisión)
Catalogador IES.
Existencias
Withdrawn status Lost status Fuente de Clasificaci Damaged status Not for loan Ubicaci Biblioteca Fecha de Adquisición Signatura Topogr Código de barras Date last seen Price effective from Tipo de Item
          Biblioteca Asamblea Nacional Biblioteca Asamblea Nacional 2015-08-12 TV-1060 TV-1060 2015-08-12 2015-08-12 Material Multimedia (radio y televisión)
Dirección: Av. 6 de Diciembre y Piedrahita | Quito - Ecuador
Teléfonos: 593-23991000 Ext: 1147/1148
Correo:
archivo.biblioteca@asambleanacional.gob.ec

Soporte: FusionSolutions Cia. Ltda
archivobiblioteca white

Con tecnología Koha